| 000 | 00563cam a22002291 4500 | ||
|---|---|---|---|
| 001 | sa 68009255 | ||
| 003 | DLC | ||
| 005 | 20260227112541.0 | ||
| 008 | 940810s1968 ii 000 0 orio | ||
| 010 | _asa 68009255 | ||
| 025 | _aPL480:I-O-953 | ||
| 035 | _a(OCoLC)30924900 | ||
| 040 |
_aDLC _cCU _dCU _dDLC |
||
| 042 | _apremarc | ||
| 050 | 0 | 0 |
_aPK2561 _b.M55 |
| 100 | 1 |
_aMiśra, Narendranātha, _d1929- |
|
| 245 | 1 | 0 | _aOḍiā sāhitya o bhāshā. |
| 260 | _c[1968] | ||
| 300 |
_a263, 3 p. _c22 cm. |
||
| 500 | _aIn Oriya. | ||
| 650 | 0 | _aOriya philology. | |
| 999 |
_c82826 _d82826 |
||